Regional preparatory meeting of African least developed countries for the comprehensive global midterm review of the Brussels programme of action: African LDC'S strategy paper for further implementation of the programme of action for the least developed countries for the decade 2001-2010 (Record no. 55925)

MARC details
000 -LEADER
fixed length control field 01230nam a2200277 a 4500
003 - CONTROL NUMBER IDENTIFIER
control field CBULib
005 - DATE AND TIME OF LATEST TRANSACTION
control field 20240202144715.0
008 - FIXED-LENGTH DATA ELEMENTS--GENERAL INFORMATION
fixed length control field 20231026142438.0
040 ## - CATALOGING SOURCE
Original cataloging agency CBUlib
Language of cataloging eng
Transcribing agency CBULib
Modifying agency CBULib
Description conventions rda
041 ## - LANGUAGE CODE
Language code of text/sound track or separate title english
050 ## - LIBRARY OF CONGRESS CALL NUMBER
Classification number UN-ECA(058)CAMF/2006/39
110 ## - MAIN ENTRY--CORPORATE NAME
Corporate name or jurisdiction name as entry element United Nations Economic Commission For Africa(UNECA)
243 ## - COLLECTIVE UNIFORM TITLE
Language of a work CBUlib
Version eng
245 1C - TITLE STATEMENT
Title Regional preparatory meeting of African least developed countries for the comprehensive global midterm review of the Brussels programme of action: African LDC'S strategy paper for further implementation of the programme of action for the least developed countries for the decade 2001-2010
Statement of responsibility, etc / by United nations economic and commission for Africa (UNECA)
Medium english
260 ## - PUBLICATION, DISTRIBUTION, ETC. (IMPRINT)
Place of publication, distribution, etc Addis Ababa:
Name of publisher, distributor, etc United Nations,
Date of publication, distribution, etc 2006.
300 ## - PHYSICAL DESCRIPTION
Extent 15pages
336 ## - CONTENT TYPE
Source rdacontent
Content type term Text |
Content type code txt
337 ## - MEDIA TYPE
Media type term Unmediated |
Media type code n
Source rdamedia
338 ## - CARRIER TYPE
Source rdacarrier
Carrier type term Volume
Carrier type code nc
650 ## - SUBJECT ADDED ENTRY--TOPICAL TERM
Topical term or geographic name as entry element BRUSSELS PROGRAMME OF ACTION--AFRICA
650 ## - SUBJECT ADDED ENTRY--TOPICAL TERM
Topical term or geographic name as entry element LEAST DEVELOPED COUNTRIES--AFRICA
Form subdivision 15pages
650 #0 - SUBJECT ADDED ENTRY--TOPICAL TERM
Topical term or geographic name as entry element ECONOMIC DEVELOPMENT--AFRICA, SUB-SAHARAN
650 #0 - SUBJECT ADDED ENTRY--TOPICAL TERM
Topical term or geographic name as entry element AFRICA--ECONOMIC CONDITIONS
942 ## - ADDED ENTRY ELEMENTS (KOHA)
Source of classification or shelving scheme
Koha item type INTERNATIONAL PUBLICATIONS
Holdings
Withdrawn status Lost status Source of classification or shelving scheme Damaged status Not for loan Collection code Permanent Location Current Location Shelving location Date acquired Full call number Barcode Date last seen Copy number Price effective from Koha item type
          Special Collections CBU-MAIN LIBRARY, KITWE. CBU-MAIN LIBRARY, KITWE. Special Collections 11/30/2022 UN-ECA(058)CAMF/2006/39 B1147 11/30/2022 1 11/30/2022 INTERNATIONAL PUBLICATIONS